书目信息 |
| 题名: |
定量热红外遥感模型及地面实验基础
|
|
| 作者: | 张仁华 著 | |
| 分册: | ||
| 出版信息: | 北京 科学出版社 2009 |
|
| 页数: | 20,533页 | |
| 开本: | 26cm | |
| 丛书名: | ||
| 单 册: | ||
| 中图分类: | TP722.5 | |
| 科图分类: | ||
| 主题词: | 红外遥感--Hong Wai Yao Gan--模型 , 红外遥感--Hong Wai Yao Gan--地面--实验 | |
| 电子资源: | ||
| ISBN: | 978-7-03-025438-2 | |
| 000 | 01188nam0 22002531 450 | |
| 001 | 350943 | |
| 005 | 20161012083040.31 | |
| 010 | @a978-7-03-025438-2@b精装@dCNY98.00 | |
| 100 | @a20091123d2009 em y0chiy50 ea | |
| 101 | 0 | @achi |
| 102 | @aCN@b110000 | |
| 105 | @aa z 000yy | |
| 106 | @ar | |
| 200 | 1 | @a定量热红外遥感模型及地面实验基础@ADing Liang Re Hong Wai Yao Gan Mo Xing Ji Di Mian Shi Yan Ji Chu@f张仁华著 |
| 210 | @a北京@c科学出版社@d2009 | |
| 215 | @a20,533页@c图@d26cm | |
| 300 | @a《国家重点基础研究发展规划》资助项目 国家自然科学基金委员会资助项目 中国科学院地理科学与资源研究所创新工程资助项目 中国科学院禹城遥感综合试验站资助项目 | |
| 330 | @a本书以地表热量平衡、辐射、热量、物质传输等物理过程为基点,定量分析太阳辐射与地表的相互作用,剖析地表界面所产生的信息流及其随波长、时间、空间的变化规律,揭示能量流与物质流的内在联系和提取信息的机理,论述在长期实践基础上构建的全球、区域地表水、热、碳平衡与循环的定量遥感模型等。 | |
| 606 | 0 | @a红外遥感@AHong Wai Yao Gan@x模型 |
| 606 | 0 | @a红外遥感@AHong Wai Yao Gan@x地面@x实验 |
| 690 | @aTP722.5@v5 | |
| 701 | 0 | @a张仁华@AZhang Ren Hua@4著 |
| 801 | 0 | @aCN@bTANGWEI@c20160808 |
| 905 | @b0892487-90@dTP722.5@e47@f4 | |
| 定量热红外遥感模型及地面实验基础/张仁华著 .-北京:科学出版社,2009 |
| 20,533页:图;26cm |
| 《国家重点基础研究发展规划》资助项目 国家自然科学基金委员会资助项目 中国科学院地理科学与资源研究所创新工程资助项目 中国科学院禹城遥感综合试验站资助项目 |
| ISBN 978-7-03-025438-2(精装):CNY98.00 |
| 本书以地表热量平衡、辐射、热量、物质传输等物理过程为基点,定量分析太阳辐射与地表的相互作用,剖析地表界面所产生的信息流及其随波长、时间、空间的变化规律,揭示能量流与物质流的内在联系和提取信息的机理,论述在长期实践基础上构建的全球、区域地表水、热、碳平衡与循环的定量遥感模型等。 |
| ● |
| 相关链接 |
|
|
|
|
正题名:定量热红外遥感模型及地面实验基础
索取号:TP722.5/47
 
预约/预借
| 序号 | 登录号 | 条形码 | 馆藏地/架位号 | 状态 | 备注 |
| 1 | 0892487 | 208924878 | 第二样本阅览室/ [索取号:TP722.5/47] | 在馆 | |
| 2 | 0892488 | 208924887 | 第三借阅区/ [索取号:TP722.5/47] | 在馆 | |
| 3 | 0892489 | 208924896 | 第三借阅区/ [索取号:TP722.5/47] | 在馆 | |
| 4 | 0892490 | 208924903 | 第三借阅区/ [索取号:TP722.5/47] | 在馆 |